000 00664nam a2200289Ia 4500
005 20260324144710.0
008 008 260324s9999 xx 000 0 eng d
020 _a9780429336157
037 _aEBOOK
040 _aCRL
040 _beng
040 _cCRL
041 _2eng
041 _aeng
084 _qCRL
100 _aCharles S. Johnson
_91210494
245 0 _aBitter Canaan
245 0 _bStory of the Negro Republic
260 _bTaylor and Francis
260 _c1987
365 _a
365 _b215
856 _uhttp://www.taylorfrancis.com/books/9780429336157
942 _cEBOOK
999 _c1827218
_d1827218